What it really takes to be World Class (Record no. 22122)

MARC details
000 -LEADER
fixed length control field 00776nam a22003137a 4500
003 - CONTROL NUMBER IDENTIFIER
control field IBSLLIB
005 - DATE AND TIME OF LATEST TRANSACTION
control field 20260513072924.0
008 - FIXED-LENGTH DATA ELEMENTS--GENERAL INFORMATION
fixed length control field 260513b |||||||| |||| 00| 0 eng d
020 ## - INTERNATIONAL STANDARD BOOK NUMBER
International Standard Book Number 0798137584
040 ## - CATALOGING SOURCE
Original cataloging agency IBSLLIB
Language of cataloging English
041 ## - LANGUAGE CODE
Language code of original Eng
082 ## - DEWEY DECIMAL CLASSIFICATION NUMBER
Classification number 658.4
Item number SUN
100 ## - MAIN ENTRY--PERSONAL NAME
Personal name Sunter , Clem
245 ## - TITLE STATEMENT
Title What it really takes to be World Class
260 ## - PUBLICATION, DISTRIBUTION, ETC. (IMPRINT)
Place of publication, distribution, etc. Cape Town :
Name of publisher, distributor, etc. Human & Rousseau Ltd ,
Date of publication, distribution, etc. 1997
300 ## - PHYSICAL DESCRIPTION
Extent 186 p ;
Dimensions 22 cm
505 ## - FORMATTED CONTENTS NOTE
Formatted contents note Business
505 ## - FORMATTED CONTENTS NOTE
Formatted contents note Government
505 ## - FORMATTED CONTENTS NOTE
Formatted contents note The Economy
505 ## - FORMATTED CONTENTS NOTE
Formatted contents note Cities
505 ## - FORMATTED CONTENTS NOTE
Formatted contents note Sports
505 ## - FORMATTED CONTENTS NOTE
Formatted contents note Education
505 ## - FORMATTED CONTENTS NOTE
Formatted contents note Individual
650 ## - SUBJECT ADDED ENTRY--TOPICAL TERM
Topical term or geographic name as entry element Technology
650 ## - SUBJECT ADDED ENTRY--TOPICAL TERM
Topical term or geographic name as entry element Management and auxiliary services
653 ## - INDEX TERM--UNCONTROLLED
Uncontrolled term Business
653 ## - INDEX TERM--UNCONTROLLED
Uncontrolled term Sports
942 ## - ADDED ENTRY ELEMENTS (KOHA)
Koha item type Lending Book
Holdings
Withdrawn status Lost status Damaged status Not for loan Collection code Permanent Location Current Location Shelving location Date acquired Source of acquisition Inventory number Full call number Barcode Koha item type
        Lending Collection IBSL Library IBSL Library Lending Section 30/04/2026 Donation 10912 658.4 SUN 10912 Lending Book
Copyright © 2024 IBSL Library, All rights reserved.
mail to: library@ibsl.lk | Contact: 0112425735 | Library Address: IBSL Library, 80A, Elvitigala Mawatha, Colombo 008